Ilustrovaný technický slovník slovensky, česky, rusky, ukrajinsky, bielorusky, anglicky, nemecky, francúzsky, taliansky, španielsky, latinsky

Bibliographic Details
Main Author: Vasilko, Karol, 1942- (Author)
Format: Book
Language:Slovak
Multiple languages
Published: Prešov Fakulta výrobných technológií Technickej univerzity 2009
Edition:1. vyd.
Subjects:

MARC

LEADER 00000cam a2200000 a 4500
001 vtls009952831
003 SK-MaSNL
005 20260302081147.0
008 160308s2009 xo al g 000 0 slo
015 |a SNBA2009/12-06019 
020 |a 9788055301532 (brož.) 
035 |a 451F949C-9337-4FC6-9E30-5D7A392188F3 
035 |a urn:nbn:sk:snk-amk938 
035 |a urn:nbn:sk:snk-am008cs5 
040 |a SNK  |b slo  |c SNK  |e AACR2 
041 0 |a mul 
044 |a xo  |c SK 
072 7 |a 62  |x Technika všeobecne  |2 konspekt 
072 7 |a 81  |x Lingvistika. Jazyky  |2 konspekt 
080 |a 62  |2 2001 
080 |a 81'373.46  |2 2001 
080 |a (038.025.2)  |2 2001 
080 |a (038)81  |2 2001 
245 0 0 |a Ilustrovaný technický slovník  |b slovensky, česky, rusky, ukrajinsky, bielorusky, anglicky, nemecky, francúzsky, taliansky, španielsky, latinsky  |c Vasilko, K. ... [et al.] 
246 3 4 |a Ilustrovaný technický slovník 11. jazyčný 
250 |a 1. vyd. 
260 |a Prešov  |b Fakulta výrobných technológií Technickej univerzity  |c 2009 
300 |a 467 s.  |b ilustr., sch.  |c 21 cm 
366 |e 100 výt. 
500 |a Vydala TU Košice so sídlom v Prešove 
504 |a Bibliogr. s. 467. Abec. slovník 
650 0 7 |a technika  |2 SNKPH  |9 671 
650 0 7 |a odborná terminológia  |2 SNKPH  |9 3616 
650 0 7 |a Technology  |2 SNKPHeng  |9 266383 
650 0 7 |a Terminology (professional)  |2 SNKPHeng  |9 90966 
655 7 |a obrazové slovníky  |2 SNKPH  |9 282783 
655 7 |a viacjazyčné slovníky  |2 SNKPH  |9 746378 
655 7 |a Illustrated dictionaries  |2 SNKPHeng  |9 323292 
655 7 |a Polyglot translation dictionaries  |2 SNKPHeng  |9 288040 
655 7 |a terminologické slovníky  |2 SNKPH  |9 70504 
655 7 |a Terminological dictionaries  |2 SNKPHeng  |9 90728 
700 1 |a Vasilko, Karol,  |d 1942-  |4 aut  |9 86126 
919 |a 978-80-553-0153-2 
958 |a OND 
958 |a NB 
968 |d 62 
999 |c 1175430  |d 1177360 
952 |a SNK  |b SNK  |y VYP  |7 0  |p 17A0632457  |o snkSC 137255 D1  |i snk2009/17048  |8 0  |0 0  |1 0  |4 0  |d 2009-09-23  |f 1  |l 0  |r 2026-02-24 21:20:20  |w 2026-02-24 
952 |a SNK  |b SNK  |y PREZ  |7 0  |p 17A0632458  |o snkSC 137255  |i snk2009/17047  |8 0  |0 0  |1 0  |4 0  |d 2009-09-23  |l 0  |r 2025-07-03 00:00:00  |w 2026-02-24